| 000 | 00868nas a2200253 4500 | ||
|---|---|---|---|
| 001 | BR7903452 | ||
| 003 | BR-BrBNA | ||
| 005 | 20231205083754.0 | ||
| 007 | ta | ||
| 008 | 230509b bl.|||p| |||| 00| 00por d | ||
| 040 |
_aBR-BrBNA _bpor _cBiblioteca Nacional de Agricultura |
||
| 041 | _a(Pt) | ||
| 072 | _aL40 | ||
| 100 | 1 | _aVignoli, V.V. | |
| 245 | 1 |
_aEstudo histologico e histoquimico das glandulas salivares mandibular e parotida de zebus (Bos indicus)da raca gir, de 1 a 21 meses de idade _bParte de tese |
|
| 650 | _aESTRUTURA ANIMAL | ||
| 650 | _aGADO GIR | ||
| 650 | _aHISTOQUIMICA | ||
| 650 | _aTECIDO ANIMAL | ||
| 650 | _aGLANDULA SALIVAR | ||
| 773 | 0 |
_tRevista Brasileira de Pesquisas Medicas e Biologicas (Brazil) _xISSN 0034-7310 _g(Jun 1978), v. 11(2-3) p. 193-194 _wBR7903452 |
|
| 909 |
_a202311 _bLúcia _c55 _dLúcia Elande |
||
| 942 |
_2AGRIS _n0 _cANA |
||
| 999 |
_c101088 _d101088 |
||